000 00419cam a22001457a 4500
008 180718b2004 xxu||||| |||| 00| 0 eng d
020 _a8187879378
082 _aQ31x54 B469
245 _aPoverty and food security in India: problems and policies
_cedited by M.S. Bhatt
260 _aDelhi
_bAakar Books
_c2004
300 _a456p.
650 _aFood relief - India
650 _aPoverty - India
700 _aBhatt, M.S.
999 _c403286
_d403286